000 01090nas a2200349 4500
001 BR0603931
003 BR-BrBNA
005 20231205110308.0
007 ta
008 230509b bl.|||p| |||| 00| 00por d
040 _aBR-BrBNA
_bpor
_cBiblioteca Nacional de Agricultura
041 _a(Pt)
072 _aL10; U10
100 1 _aMello, S. de P.
100 1 _aAlencar, M.M. de
100 1 _aToral, F.L.B.
100 1 _aGianlorenço, V.K.
245 1 _bEstimativas de parâmetros genéticos para características de crescimento e produtividade em vacas da raça Canchim, utilizando-se interferência bayesiana
650 _aGADO CANCHIM
650 _aGADO DE CORTE
650 _aPARÂMETRO GENÉTICO
650 _aPERFORMANCE
650 _aPRODUTIVIDADE
650 _aPESO
650 _aLONGEVIDADE
650 _aHEREDITARIEDADE
650 _aESTIMATIVA
650 _aMÉTODO
773 0 _tRevista Brasileira de Zootecnia (Brazil)
_xISSN 1516-3598
_g(Jan-Feb 2006), v. 35(1) p. 92-97
_wBR0603931
909 _a202311
_bLúcia
_c55
_dLúcia Elande
942 _2AGRIS
_n0
_cANA
999 _c186861
_d186861